Online
Catalog

Análisis de la Era de Trujillo : (Record no. 21888)

MARC details
000 -CABECERA
campo de control de longitud fija 02325nam a2200301 a 4500
001 - NÚMERO DE CONTROL
campo de control 000022390
003 - IDENTIFICADOR DEL NÚMERO DE CONTROL
campo de control OSt
005 - FECHA Y HORA DE LA ÚLTIMA TRANSACCIÓN
campo de control 20240409073640.0
008 - DATOS DE LONGITUD FIJA--INFORMACIÓN GENERAL
campo de control de longitud fija 101007t1999 dr acd 001 0 spa d
020 ## - NÚMERO INTERNACIONAL ESTÁNDAR DEL LIBRO
Número Internacional Estándar del Libro 9768175478
040 ## - FUENTE DE LA CATALOGACIÓN
Centro catalogador/agencia de origen DO-SdBNP
Lengua de catalogación spa
Centro/agencia transcriptor BNPHU
082 ## - NÚMERO DE LA CLASIFICACIÓN DECIMAL DEWEY
Número de clasificación 972.93053
Número de documento/Ítem C794a, 1999
100 1# - ENTRADA PRINCIPAL--NOMBRE DE PERSONA
Nombre de persona Cordero Michel, José R.,
Fechas asociadas al nombre 1931-1959
9 (RLIN) 46170
245 10 - MENCIÓN DE TÍTULO
Título Análisis de la Era de Trujillo :
Resto del título informe sobre la República Dominicana, 1959 /
Mención de responsabilidad, etc. José R. Cordero Michel ; presentación Roberto Cassá.
250 ## - MENCIÓN DE EDICIÓN
Mención de edición 7ª ed.
260 ## - PUBLICACIÓN, DISTRIBUCIÓN, ETC.
Lugar de publicación, distribución, etc. Santo Domingo :
Nombre del editor, distribuidor, etc. Ediciones Librería La Trinitaria,
Fecha de publicación, distribución, etc. 1999.
Fabricante Búho
300 ## - DESCRIPCIÓN FÍSICA
Extensión 135 p. :
Otras características físicas il., gráfcs., retr. ;
Dimensiones 22 cm.
500 ## - NOTA GENERAL
Nota general Incluye datos biográficos del autor en la solapa.
500 ## - NOTA GENERAL
Nota general Incluye referencias bibliográficas y notas al pie de las páginas.
504 ## - NOTA DE BIBLIOGRAFÍA, ETC.
Nota de bibliografía, etc. Bibliografía : p. 131-135.
505 0# - NOTA DE CONTENIDO CON FORMATO
Información miscelánea Presentación /
Mención de responsabilidad Roberto Cassá --
Información miscelánea Situación Política :
Título Instituciones políticas --
-- Bases económicas y sociales del régimen --
-- Algunos métodos y técnicas de gobierno --
-- El terror y la vigilancia policíaca --
-- La propaganda política --
-- Encuadramiento político --
-- Sindicatos --
-- Organizaciones juveniles --
-- Organizaciones religiosas --
-- Actualidad política y situación internacional --
Información miscelánea Situación Económica :
Título La agricultura --
-- Régimen agrario --
-- Producción agrícola --
-- Capitalización agrícola --
-- Condición del campesinado --
-- Industria y manufacturas --
-- El mercado nacional --
-- Formación de capital productivo --
-- Instituciones de desarrollo económico --
-- Condición del proletariado --
-- Comercio exterior --
-- Finanzas del Estado --
-- Sistema Bancario --
Información miscelánea Situación Cultural :
Título Estructura del sistema de enseñanza --
-- Educación primaria --
-- Educación Secundaria --
-- Educación Superior --
-- Educación Vocacional --
-- Educación de maestros --
-- Educación Fundamental --
-- Orientación de la Enseñanza --
-- La situación del intelectual.
Información miscelánea Conclusiones --
-- Bibliografía.
590 ## - NOTA LOCAL (RLIN)
Nota local Inventariado, 2020/BT
650 #4 - PUNTO DE ACCESO ADICIONAL DE MATERIA--TÉRMINO DE MATERIA
Término de materia o nombre geográfico como elemento de entrada Educación
Subdivisión geográfica República Dominicana
Subdivisión general Historia
Subdivisión cronológica ERA DE TRUJILLO, 1930-1961
9 (RLIN) 46171
651 #4 - PUNTO DE ACCESO ADICIONAL DE MATERIA--NOMBRE GEOGRÁFICO
Nombre geográfico República Dominicana
Subdivisión general Política Y Gobierno
Subdivisión cronológica ERA DE TRUJILLO, 1930-1961
9 (RLIN) 1374
700 1# - PUNTO DE ACCESO ADICIONAL--NOMBRE DE PERSONA
Nombre de persona Cassá, Roberto,
Fechas asociadas al nombre 1948-
9 (RLIN) 10888
910 ## - DATOS DE OPCIÓN DEL USUARIO (OCLC)
Datos de opción del usuario Validado. Control de calidad EMS.
942 ## - ELEMENTOS DE PUNTO DE ACCESO ADICIONAL (KOHA)
Fuente del sistema de clasificación o colocación Dewey Decimal Classification
Tipo de ítem Koha Libro
Holdings
Estado de retiro Estado de pérdida Restricciones de uso No para préstamo Código de colección Localización permanente Ubicación/localización actual Ubicación en estantería Fecha de adquisición Número de inventario Total de préstamos Signatura topográfica completa Código de barras Fecha visto por última vez Número de copia Precio válido a partir de Tipo de ítem Koha
        Dominicana de Servicio General General Depósito 07.10.2010 LF1   972.93053 C794a, 1999 22390-40 25.06.2020 e. 4 25.06.2020 Libro y Folleto Colección Dominicana de Servicio
        Dominicana de Servicio General General Depósito 07.10.2010 LF1   972.93053 C794a, 1999 22390-30 25.06.2020 e. 3 25.06.2020 Libro y Folleto Colección Dominicana de Servicio
      Excluido de préstamo Patrimonio Dominicano Patrimonio Dominicano Patrimonio Dominicano Depósito 07.10.2010 LF1   972.93053 C794a, 1999 22390-10 25.06.2020   25.06.2020 Libro y Folleto Colección Patrimonio Dominicano
      Excluido de préstamo Patrimonio Dominicano Patrimonio Dominicano Patrimonio Dominicano Depósito 07.10.2010 LF1   972.93053 C794a, 1999 22390-20 25.06.2020   25.06.2020 Libro y Folleto Colección Patrimonio Dominicano

Powered by Koha